<?xml version="1.0" encoding="UTF-8"?>
<record
    xmlns:xsi="http://www.w3.org/2001/XMLSchema-instance"
    xsi:schemaLocation="http://www.loc.gov/MARC21/slim http://www.loc.gov/standards/marcxml/schema/MARC21slim.xsd"
    xmlns="http://www.loc.gov/MARC21/slim">

  <leader>02535njm a2200433Ia 4500</leader>
  <controlfield tag="001">25667</controlfield>
  <controlfield tag="003">IT-RoPAU</controlfield>
  <controlfield tag="005">20220918181125.0</controlfield>
  <controlfield tag="008">131025s9999    xx            000 0 und d</controlfield>
  <datafield tag="040" ind1=" " ind2=" ">
    <subfield code="a">IT-RoPAU</subfield>
  </datafield>
  <datafield tag="040" ind1=" " ind2=" ">
    <subfield code="c">IT-RoPAU</subfield>
  </datafield>
  <datafield tag="041" ind1=" " ind2=" ">
    <subfield code="a">ITALIANO</subfield>
  </datafield>
  <datafield tag="999" ind1=" " ind2=" ">
    <subfield code="c">100079</subfield>
    <subfield code="d">100079</subfield>
  </datafield>
  <datafield tag="999" ind1=" " ind2=" ">
    <subfield code="b">NO</subfield>
  </datafield>
  <datafield tag="100" ind1=" " ind2=" ">
    <subfield code="a">AA.VV.</subfield>
    <subfield code="9">794</subfield>
  </datafield>
  <datafield tag="100" ind1=" " ind2=" ">
    <subfield code="e">Autore musica</subfield>
    <subfield code="9">13334</subfield>
  </datafield>
  <datafield tag="100" ind1=" " ind2=" ">
    <subfield code="g">Codice autore musica SPICS: 12000</subfield>
    <subfield code="9">796</subfield>
  </datafield>
  <datafield tag="245" ind1=" " ind2=" ">
    <subfield code="a">Roma mia bella</subfield>
  </datafield>
  <datafield tag="250" ind1=" " ind2=" ">
    <subfield code="a">1a ed.</subfield>
  </datafield>
  <datafield tag="260" ind1=" " ind2=" ">
    <subfield code="a">MILANO</subfield>
  </datafield>
  <datafield tag="260" ind1=" " ind2=" ">
    <subfield code="b">JOKER - W. GURTLER</subfield>
    <subfield code="c">1968 [1a Ed.:1968]</subfield>
  </datafield>
  <datafield tag="300" ind1=" " ind2=" ">
    <subfield code="a">DISCO</subfield>
  </datafield>
  <datafield tag="300" ind1=" " ind2=" ">
    <subfield code="c">45 minuti (Testo:  pag.)</subfield>
  </datafield>
  <datafield tag="500" ind1=" " ind2=" ">
    <subfield code="a">Canzone italiana. Canzone popolare romanesca. Roma. Stornelli</subfield>
  </datafield>
  <datafield tag="505" ind1=" " ind2=" ">
    <subfield code="a">Er carettiere a vino - Le mantellate - Te possino da tante cortellate - Nina si voi dormite - Stornello d'estate - Barcarolo romano - L'eco der core - Povera mamma - Aritornelli antichi - M'hai messo le catene - Er patto stucco - Vola vola l'aritornello</subfield>
  </datafield>
  <datafield tag="650" ind1=" " ind2=" ">
    <subfield code="a">CANZONE ITALIAN [DISCHI]</subfield>
    <subfield code="e">Codice MATERIA SPICS: 9950</subfield>
    <subfield code="9">13335</subfield>
  </datafield>
  <datafield tag="700" ind1=" " ind2=" ">
    <subfield code="a">Ferri Gabriella</subfield>
    <subfield code="g">Codice interprete SPICS: 11544</subfield>
    <subfield code="e">Interprete</subfield>
    <subfield code="9">13336</subfield>
  </datafield>
  <datafield tag="700" ind1=" " ind2=" ">
    <subfield code="a">Balzani Romolo</subfield>
    <subfield code="g">Codice autore testo/musica SPICS: 13637</subfield>
    <subfield code="e">Autore testo/musica</subfield>
    <subfield code="p">Er carettiere a vino - Barcarolo romano - L'eco der core</subfield>
    <subfield code="9">13337</subfield>
  </datafield>
  <datafield tag="700" ind1=" " ind2=" ">
    <subfield code="a">Carpi Fiorenzo</subfield>
    <subfield code="g">Codice autore musica SPICS: 13640</subfield>
    <subfield code="e">Autore musica</subfield>
    <subfield code="p">Le mantellate</subfield>
    <subfield code="9">13338</subfield>
  </datafield>
  <datafield tag="700" ind1=" " ind2=" ">
    <subfield code="a">Strehler Giorgio</subfield>
    <subfield code="g">Codice autore testo/musica SPICS: 962</subfield>
    <subfield code="e">Autore testo/musica</subfield>
    <subfield code="p">Le mantellate</subfield>
    <subfield code="9">13339</subfield>
  </datafield>
  <datafield tag="700" ind1=" " ind2=" ">
    <subfield code="a">De Santis Pisu</subfield>
    <subfield code="g">Codice autore musica SPICS: 16142</subfield>
    <subfield code="e">Autore musica</subfield>
    <subfield code="p">Te possino da tante cortellate</subfield>
    <subfield code="9">13340</subfield>
  </datafield>
  <datafield tag="700" ind1=" " ind2=" ">
    <subfield code="a">Ferri Gabriella</subfield>
    <subfield code="g">Codice autore testo/musica SPICS: 11544</subfield>
    <subfield code="e">Autore testo/musica</subfield>
    <subfield code="p">Te possino da tante cortellate - Povera mamma - Aritornelli antichi - M'hai messo le catene - Er patto stucco - Vola vola l'aritornello</subfield>
    <subfield code="9">13341</subfield>
  </datafield>
  <datafield tag="700" ind1=" " ind2=" ">
    <subfield code="a">Marino A.</subfield>
    <subfield code="g">Codice autore musica SPICS: 14224</subfield>
    <subfield code="e">Autore musica</subfield>
    <subfield code="p">Nina si voi dormite</subfield>
    <subfield code="9">13342</subfield>
  </datafield>
  <datafield tag="700" ind1=" " ind2=" ">
    <subfield code="a">Leonardi R.</subfield>
    <subfield code="g">Codice autore testo/musica SPICS: 27762</subfield>
    <subfield code="e">Autore testo/musica</subfield>
    <subfield code="p">Nina si voi dormite</subfield>
    <subfield code="9">13343</subfield>
  </datafield>
  <datafield tag="700" ind1=" " ind2=" ">
    <subfield code="a">De Chiara G.</subfield>
    <subfield code="g">Codice autore musica SPICS: 16143</subfield>
    <subfield code="e">Autore musica</subfield>
    <subfield code="p">Stornello d'estate</subfield>
    <subfield code="9">13344</subfield>
  </datafield>
  <datafield tag="700" ind1=" " ind2=" ">
    <subfield code="a">Morricone Ennio</subfield>
    <subfield code="g">Codice autore testo/musica SPICS: 3535</subfield>
    <subfield code="e">Autore testo/musica</subfield>
    <subfield code="p">Stornello d'estate</subfield>
    <subfield code="9">13345</subfield>
  </datafield>
  <datafield tag="700" ind1=" " ind2=" ">
    <subfield code="a">Pizzicaria Pio</subfield>
    <subfield code="g">Codice autore testo/musica SPICS: 13639</subfield>
    <subfield code="e">Autore testo/musica</subfield>
    <subfield code="p">Barcarolo romano</subfield>
    <subfield code="9">13346</subfield>
  </datafield>
  <datafield tag="700" ind1=" " ind2=" ">
    <subfield code="a">Petrini Oberdan</subfield>
    <subfield code="g">Codice autore testo/musica SPICS: 13638</subfield>
    <subfield code="e">Autore testo/musica</subfield>
    <subfield code="p">L'eco der core</subfield>
    <subfield code="9">13347</subfield>
  </datafield>
  <datafield tag="942" ind1=" " ind2=" ">
    <subfield code="c">MD</subfield>
    <subfield code="2">ddc</subfield>
  </datafield>
  <datafield tag="952" ind1=" " ind2=" ">
    <subfield code="0">0</subfield>
    <subfield code="1">0</subfield>
    <subfield code="4">0</subfield>
    <subfield code="6">25667_000000000000000</subfield>
    <subfield code="7">1</subfield>
    <subfield code="a">SPICS</subfield>
    <subfield code="b">SPICS</subfield>
    <subfield code="d">2013-10-25</subfield>
    <subfield code="l">0</subfield>
    <subfield code="o">25667</subfield>
    <subfield code="r">2013-10-25 00:00:00</subfield>
    <subfield code="w">2013-10-25</subfield>
    <subfield code="y">MD</subfield>
    <subfield code="z">Progr. Ins.: 5541 / N.Vol.: 1 / Copie: 1 - Copia rara: NO / date import: 01.01.2014 - By Epidotti, Trombetti, Vaglietti</subfield>
  </datafield>
</record>
